Iran's Borders Minefield Quiz Stats

 Plays Quiz Updated Mar 5, 2017

Support Sporcle.
Go Orange.
Score 0/7 Timer 00:30
4 Plays Today
% Correct
???
87.7%
???
67.8%
???
56.1%
???
48.8%
???
45.6%
???
44.4%
???
37.6%

From the Vault

International Footballers: Identify the Italians

by Horgems

Sports 3m
When in Rome, play soccer quizzes as the Romans do.
Remove Ads.
Support Sporcle.
Get the best of Sporcle when you Go Orange. This ad-free experience offers more features, more stats, and more fun while also helping to support Sporcle. Thank you for becoming a member.

Show Comments

Extras

Top Quizzes Today


Score Distribution

Your Account Isn't Verified!

In order to create a playlist on Sporcle, you need to verify the email address you used during registration. Go to your Sporcle Settings to finish the process.

Report this User

Report this user for behavior that violates our Community Guidelines.

Details: